000 00831cam a2200301 a 4500
001 75317
003 BD-RjUL
005 20211209082654.0
008 701217s1965 nyub b 001 0 eng
035 _a(BD-RjUL)75535
035 _a2177329
040 _aLC
_beng
_cLC
_dSSL
041 _aeng
082 0 4 _a956.93
_223
_bSAH 1948
100 1 _aSachar, Abram Leon,
_d1899-
_9228557
245 1 2 _aA history of the Jews /
_cAbram Leon Sachar,
250 _a3rd ed., rev. and enl.
260 _aNew York,
_bAlfreed . . Knopf,
_c1948.
300 _axvi, 436 xvi, p. :
_b4 fold maps. ;
_c25 cm.
500 _aIndex : p. i-xvi
504 _aBibliography : p. 431-436
650 0 _aJews
_xHistory.
_9228558
942 _2ddc
_cBK
999 _c75317
_d75317